LEADER 00767nam a2200229 a 4500 001 991004254838007536 005 20221026115224.0 008 261022s1887 it a 000 0 ita d 040 $aBibl. Interfacoltà T. Pellegrino$bita 082 0 $a916 100 1 $aBurton, Richard Francis$0647158 245 10$aAfrica :$balla ricerca delle sorgenti del Nilo : viaggi celebri di Burton, Speke, Grant e Baker /$cAldo Pavan 260 $aMilano :$bF.lli Treves,$c1887 300 $aXVI, 616 p. :$bill. ;$c27 cm 651 4$aNilo 651 4$aAfrica$xDescrizioni e viaggi 700 1 $aGrant, James August 700 1 $aBaker, Samuel White$d<1821-1893> 700 1 $aSpeke, John Hanning 912 $a991004254838007536 996 $aAfrica$93376528 997 $aUNISALENTO LEADER 02426oam 2200709 450 001 9910706968903321 005 20231208185124.0 035 $a(CKB)5470000002459787 035 $a(OCoLC)799988137$z(OCoLC)654114518$z(OCoLC)806009725 035 $a(EXLCZ)995470000002459787 100 $a20120717d1999 ua 0 101 0 $aeng 135 $aurbn||||||||| 181 $ctxt$2rdacontent 182 $cc$2rdamedia 183 $acr$2rdacarrier 200 10$aCombating terrorism: role of the National Guard response teams $ehearing before the Subcommittee on National Security, Veterans Affairs, and International Relations of the Committee on Government Reform, House of Representatives, One Hundred Sixth Congress, first session, June 23, 1999 210 1$aWashington :$cU.S. Government Printing Office,$d1999. 215 $a1 online resource (iii, 69 pages) 300 $a"Serial no. 106-32." 320 $aIncludes bibliographical references. 517 $aCombating terrorism 606 $aEmergency management$zUnited States 606 $aCivil defense$zUnited States 606 $aIntergovernmental cooperation$zUnited States 606 $aInteragency coordination$zUnited States 606 $aWeapons of mass destruction$zUnited States$xSafety measures 606 $aDomestic terrorism$zUnited States$xPrevention 606 $aCivil defense$2fast 606 $aArmed Forces$2fast 606 $aTerrorism$xPrevention$2fast 607 $aUnited States$xNational Guard 607 $aUnited States$2fast 608 $aLegislative hearings.$2lcgft 615 0$aEmergency management 615 0$aCivil defense 615 0$aIntergovernmental cooperation 615 0$aInteragency coordination 615 0$aWeapons of mass destruction$xSafety measures. 615 0$aDomestic terrorism$xPrevention. 615 7$aCivil defense. 615 7$aArmed Forces. 615 7$aTerrorism$xPrevention. 676 $a363.3/2/0973 801 0$bOCLCE 801 1$bOCLCE 801 2$bOCLCO 801 2$bOCLCQ 801 2$bOCLCF 801 2$bOCLCQ 801 2$bOCLCO 801 2$bCWCLL 801 2$bOCL 801 2$bOCLCA 801 2$bNJR 801 2$bBUF 801 2$bOCLCQ 801 2$bGPO 906 $aBOOK 912 $a9910706968903321 996 $aCombating terrorism: role of the National Guard response teams$93466959 997 $aUNINA